Transferencias mais Caras do Brasil para Europa - Statistics

Estatísticas Gerais
  • Esse quiz foi jogado 379 vezes
  • A pontuação média é 6 de 11
Estatísticas das Respostas
Posiçaõ De Para Nome Resposta % Correto
GOL Internacional Roma Alisson €8.000.000
86%
ATA Santos Barcelona Neymar €88.000.000
78%
ATA Santos Real Madrid Rodrygo €45.000.000
65%
MC Gremio Barcelona Arthur €40.000.000
58%
MC Flamengo Milan Paqueta €35.000.000
56%
ZAG Fluminense Milan Thiago Silva €10.000.000
56%
LT Athletico Atletico de Madrid Renan Lodi €20.000.000
52%
ZAG Flamengo Arsenal Pablo Mari €14.000.000
48%
MC Inrtenacional Chelsea Oscar €32.000.000
47%
ATA Flamengo Real Madrid Vini Jr €45.000.000
42%
LT Palmeiras Roma Vina €12.000.000
38%
Nenhum quiz correspondente encontrado
Distribuição das Pontuações
Porcentagem de Pessoas com Cada Pontuação
Percentil de Números Respondidos
Sua Pontuação Histórica
Você não jogou esse quiz